[Event "ISR-chT 2019"]
[Site "Israel"]
[Date "2019.02.22"]
[Round "7.29"]
[White "Psakhis, Lev"]
[Black "Lev, Ronen"]
[Result "1-0"]
[WhiteElo "2450"]
[BlackElo "2355"]
[Annotator "TA"]
[PlyCount "83"]
[EventDate "2019.01.04"]
[EventType "team-tourn"]
[EventCountry "ISR"]
[SourceTitle "playchess.com"]
[Source "ChessBase"]
[SourceQuality "1"]

{[%evp 16,83,13,0,11,15,41,44,43,43,43,43,43,41,52,32,34,28,29,22,22,15,32,17,41,37,52,52,52,24,39,12,64,38,65,48,86,75,133,46,57,46,133,151,163,127,100,120,158,150,237,214,233,221,238,233,899,888,906,906,886,876,848,254,830,816,919,916,906,834]} 1. e4 e5 2. Nf3 Nc6 3. Bb5 a6 4. Ba4 Nf6 5. O-O Be7 6. d3 b5 7. Bb3 d6 8. a3 O-O 9. Nc3 Be6 {C77: Ruy Lopez: 3...a6 4 Ba4 Nf6, unusual lines} (9... Nb8 10. Ne2 h6 11. Ng3 Re8 12. c3 Bf8 13. Re1 Nbd7 14. d4 Bb7 15. Bc2 g6 16. h4 c5 17. h5 {½-½ (55) Movsesian,S (2629)-Caruana,F (2828) chess.com INT 2019}) 10. Nd5 Na5 11. Nxf6+ Bxf6 {White is slightly better.} 12. Bxe6 fxe6 13. b4 Nc6 14. c3 a5 {[#]} 15. Qb3 $146 ({Predecessor:} 15. Be3 Qd7 {½-½ (83) Alekseev,E (2681)-Rogic,D (2552) Germany 2014}) 15... Qd7 16. Be3 Rfb8 17. Rfc1 Ra6 18. g3 Rba8 19. Qd1 axb4 20. axb4 Qc8 21. Rab1 Ra4 22. h4 (22. c4 $5 {[%cal Rc4b5]}) 22... Qd7 23. Kg2 Qe8 ({Better is} 23... d5 $11) 24. Nh2 Qd7 25. h5 Qf7 26. h6 g6 (26... gxh6 $142 27. Bxh6 Qg6) 27. Qg4 (27. Ng4 $16) 27... Ra2 $14 28. Nf3 Nb8 {[#]} ({Black should play} 28... R8a4 $14) 29. c4 $1 $16 {[%cal Rc4b5]} bxc4 30. dxc4 Nd7 31. c5 {Black must now prevent cxd6.} dxc5 32. bxc5 {[%cal Bb4c5,Bc5c6][%mdl 32]} Nb8 (32... Be7 $16 {was necessary.}) 33. c6 R2a6 34. Bb6 Qe7 ({Don't blunder} 34... Rxb6 $2 35. Rxb6 Na6 36. Rb5 $18) 35. Rb5 ({Don't play} 35. Bc5 $6 Qe8 $16) 35... Qd6 $2 {[#]} (35... Qe8) 36. Bxc7 $1 $18 {[%mdl 576] Deflection} Qxc7 37. Qxe6+ {[%mdl 64] Double Attack} Qf7 38. Qc8+ Qf8 39. Qxf8+ Kxf8 40. c7 {White is clearly winning.} Nc6 {[#]} 41. Rb8+ $1 {[%mdl 512]} Rxb8 42. Rxc6 {Accuracy: White = 64%, Black = 29%.} ({Less strong is} 42. cxb8=R+ Nxb8 43. Rc8+ {[%mdl 64] Double Attack} Kf7 $16) (42. cxb8=B Ke7 $14) 1-0

[Event "ISR-chT 2019"]
[Site "Israel"]
[Date "2019.02.22"]
[Round "7.30"]
[White "Haimovich, Tal"]
[Black "Mikhalevski, Alexander"]
[Result "1-0"]
[WhiteElo "2401"]
[BlackElo "2430"]
[Annotator "TA"]
[PlyCount "71"]
[EventDate "2019.01.04"]
[EventType "team-tourn"]
[EventCountry "ISR"]
[SourceTitle "playchess.com"]
[Source "ChessBase"]
[SourceQuality "1"]

{[%evp 21,71,12,0,-10,0,-10,6,5,4,9,18,18,37,39,82,110,87,81,187,189,208,175,211,206,229,222,218,204,220,220,217,214,261,243,260,250,270,293,313,305,281,283,787,769,844,834,828,791,827,810,29972,12765]} 1. d4 d5 2. c4 e6 3. Nc3 Be7 4. cxd5 exd5 5. Bf4 Nf6 6. e3 O-O 7. Bd3 c5 8. Nf3 Nc6 9. O-O c4 {D35: Queen's Gambit Declined: Exchange Variation} (9... h6 10. Rc1 Bg4 11. dxc5 d4 12. Ne4 dxe3 13. fxe3 Nd5 14. Bc4 Nxf4 15. exf4 Qc7 16. Qd2 Rad8 17. Qe3 {½-½ (34) Vitiugov,N (2733)-Zvjaginsev,V (2659) Taganrog 2011}) 10. Bc2 Bg4 11. h3 Bh5 {LiveBook: 5 Games. The position is equal.} 12. Bf5 a6 $146 ({Predecessor:} 12... Bb4 13. Bg5 Bxc3 14. bxc3 h6 15. Bxf6 Qxf6 16. g4 Bg6 17. Bxg6 Qxg6 {½-½ (52) Ryskin,A (2515)-Pushkov,N (2485) Vladivostok 1994}) 13. Rc1 b5 14. g4 {[%cal Bg2g4,Bg4g5][%mdl 32]} Bg6 15. Ne5 {[%cal Bf3e5,Be5d7,Bd7b6][%mdl 32]} Na7 16. Bxg6 hxg6 17. g5 $36 {[%mdl 2048] White has some pressure.} Ne4 18. Nxe4 dxe4 19. Qg4 Qd5 (19... Re8 $16 {was called for.}) 20. Nd7 $18 Rac8 21. Nb6 Qb7 22. Nxc8 Rxc8 23. f3 exf3 24. Qxf3 Qd7 25. Rc2 Nc6 26. a3 Qf5 27. Qg2 Qd7 28. d5 {[%cal Bd4d5,Bd5d6][%mdl 32]} Na5 29. d6 Bd8 30. Qg4 Qxg4+ 31. hxg4 Rc5 $2 {[#]} (31... Nb7 32. d7 Rc6) 32. b4 Rd5 33. bxa5 Bxa5 34. Kg2 Rd3 35. Kf3 Bd2 36. Rd1 {Precision: White = 77%, Black = 25%.} 1-0

[Event "ISR-chT 2019"]
[Site "Israel"]
[Date "2019.02.22"]
[Round "7.31"]
[White "Efimenko, Zahar"]
[Black "Sivuk, Vitaly"]
[Result "1-0"]
[WhiteElo "2635"]
[BlackElo "2519"]
[Annotator "ChessBase"]
[PlyCount "73"]
[EventDate "2019.01.04"]
[EventType "team-tourn"]
[EventCountry "ISR"]
[SourceTitle "playchess.com"]
[Source "ChessBase"]
[SourceQuality "1"]
[TimeControl "40/5400+30:1800+30"]

1. e4 {[%emt 0:00:15]} c5 {[%emt 0:00:00]} 2. Nf3 {[%emt 0:00:17]} d6 {[%emt 0:00:00]} 3. Bb5+ {[%emt 0:02:29]} Nd7 {[%emt 0:00:27]} 4. O-O {[%emt 0:00:31]} a6 {[%emt 0:00:08]} 5. Bd3 {[%emt 0:00:19]} Ngf6 {[%emt 0:00:12]} 6. Re1 {[%emt 0:00:45]} b5 {[%emt 0:04:29]} 7. c4 {[%emt 0:01:04]} b4 {[%emt 0:03:11]} 8. a3 {[%emt 0:01:38]} e5 {[%emt 0:00:09]} 9. axb4 {[%emt 0:03:08]} cxb4 {[%emt 0:00:05]} 10. Bc2 {[%emt 0:00:14]} Be7 {[%emt 0:00:22]} 11. d4 {[%emt 0:01:20]} Qc7 {[%emt 0:00:40]} 12. b3 {[%emt 0:05:15]} O-O {[%emt 0:00:43]} 13. Nbd2 {[%emt 0:00:48]} Bb7 {[%emt 0:01:22]} 14. Bb2 {[%emt 0:01:11]} Rfe8 {[%emt 0:00:51]} 15. h3 {[%emt 0:05:00]} Bf8 {[%emt 0:03:21]} 16. Rc1 {[%emt 0:05:38]} Rad8 {[%emt 0:08:16]} 17. c5 {[%emt 0:11:25]} dxc5 {[%emt 0:13:56]} 18. dxe5 {[%emt 0:01:45]} Nh5 {[%emt 0:00:06]} 19. Qe2 {[%emt 0:04:41]} Nf4 {[%emt 0:08:07]} 20. Qe3 {[%emt 0:00:41]} Ng6 {[%emt 0:01:05]} 21. Nc4 {[%emt 0:01:50]} f6 {[%emt 0:04:54]} 22. exf6 {[%emt 0:07:06]} Nxf6 {[%emt 0:00:22]} 23. Bxf6 {[%emt 0:02:19]} gxf6 {[%emt 0:00:06]} 24. e5 {[%emt 0:02:07]} fxe5 {[%emt 0:12:46]} 25. Bxg6 {[%emt 0:02:39]} hxg6 {[%emt 0:00:07]} 26. Nfxe5 {[%emt 0:01:34]} Re6 {[%emt 0:06:36]} 27. Qg3 {[%emt 0:02:55]} Rd4 {[%emt 0:16:31]} 28. Rcd1 {[%emt 0:10:03]} Qd8 {[%emt 0:02:38]} 29. Rxd4 {[%emt 0:02:33]} Qxd4 {[%emt 0:00:26]} 30. Re3 {[%emt 0:01:27]} Bd6 {[%emt 0:10:33]} 31. Nxd6 {[%emt 0:05:08]} Qxd6 {[%emt 0:00:06]} 32. f4 {[%emt 0:01:56]} Rf6 {[%emt 0:01:53]} 33. Rd3 {[%emt 0:02:18]} Bd5 {[%emt 0:00:53]} 34. Qg5 {[%emt 0:03:01]} Kg7 {[%emt 0:01:04]} 35. Nc4 {[%emt 0:02:35]} Qxf4 {[%emt 0:00:33]} 36. Qxf4 {[%emt 0:00:25]} Rxf4 {[%emt 0:00:06]} 37. Rxd5 {[%emt 0:00:03]} 1-0

[Event "ISR-chT 2019"]
[Site "Israel"]
[Date "2019.02.22"]
[Round "7.32"]
[White "Rechlis, Gad"]
[Black "Dvoirys, Semen I."]
[Result "0-1"]
[WhiteElo "2526"]
[BlackElo "2519"]
[Annotator "ChessBase"]
[PlyCount "124"]
[EventDate "2019.01.04"]
[EventType "team-tourn"]
[EventCountry "ISR"]
[SourceTitle "playchess.com"]
[Source "ChessBase"]
[SourceQuality "1"]
[TimeControl "40/5400+30:1800+30"]

1. c4 {[%emt 0:05:30]} e5 {[%emt 0:00:00]} 2. g3 {[%emt 0:00:16]} Nc6 {[%emt 0:00:00]} 3. Bg2 {[%emt 0:00:05]} g6 {[%emt 0:00:04]} 4. Nc3 {[%emt 0:00:07]} Bg7 {[%emt 0:00:04]} 5. e3 {[%emt 0:00:13]} f5 {[%emt 0:00:48]} 6. d3 {[%emt 0:00:50]} Nf6 {[%emt 0:00:09]} 7. Nge2 {[%emt 0:00:05]} O-O {[%emt 0:00:10]} 8. Rb1 {[%emt 0:01:20]} Ne7 {[%emt 0:11:57]} 9. O-O {[%emt 0:00:37]} g5 {[%emt 0:00:54]} 10. f4 {[%emt 0:00:43]} exf4 {[%emt 0:17:00]} 11. exf4 {[%emt 0:00:31]} g4 {[%emt 0:00:19]} 12. Be3 {[%emt 0:00:26]} d6 {[%emt 0:06:12]} 13. Re1 {[%emt 0:00:28]} Ng6 {[%emt 0:03:21]} 14. Bf2 {[%emt 0:00:23]} h5 {[%emt 0:04:06]} 15. Nd4 {[%emt 0:00:21]} h4 {[%emt 0:00:08]} 16. Ne6 {[%emt 0:09:50]} Bxe6 {[%emt 0:00:13]} 17. Rxe6 {[%emt 0:00:02]} Qd7 {[%emt 0:00:45]} 18. Qe2 {[%emt 0:00:03]} c6 {[%emt 0:02:09]} 19. Re1 {[%emt 0:00:26]} Rfe8 {[%emt 0:13:10]} 20. a4 {[%emt 0:36:50]} Kf7 {[%emt 0:01:51]} 21. Rxe8 {[%emt 0:00:22]} Rxe8 {[%emt 0:00:25]} 22. Qd2 {[%emt 0:00:22]} Rxe1+ {[%emt 0:01:09]} 23. Qxe1 {[%emt 0:00:01]} a6 {[%emt 0:01:15]} 24. a5 {[%emt 0:02:03]} h3 {[%emt 0:02:47]} 25. Bh1 {[%emt 0:03:26]} Qe6 {[%emt 0:02:26]} 26. Qd1 {[%emt 0:01:42]} Nd7 {[%emt 0:05:34]} 27. Na4 {[%emt 0:04:20]} Ne7 {[%emt 0:03:08]} 28. Kf1 {[%emt 0:00:31]} d5 {[%emt 0:00:48]} 29. Qb3 {[%emt 0:02:22]} dxc4 {[%emt 0:01:07]} 30. dxc4 {[%emt 0:00:16]} Nc8 {[%emt 0:02:03]} 31. Qd3 {[%emt 0:07:50]} Nd6 {[%emt 0:01:45]} 32. b3 {[%emt 0:00:08]} Ke8 {[%emt 0:01:30]} 33. Bd4 {[%emt 0:02:42]} Bxd4 {[%emt 0:02:33]} 34. Qxd4 {[%emt 0:00:02]} Kd8 {[%emt 0:01:07]} 35. Kf2 {[%emt 0:01:05]} Kc7 {[%emt 0:00:40]} 36. Qg7 {[%emt 0:01:22]} Kd8 {[%emt 0:04:28]} 37. Qh8+ {[%emt 0:05:39]} Kc7 {[%emt 0:00:24]} 38. Qd4 {[%emt 0:01:20]} Kd8 {[%emt 0:03:55]} 39. Nc3 {[%emt 0:01:36]} Kc7 {[%emt 0:00:23]} 40. Na4 {[%emt 0:04:15]} Qe7 {[%emt 0:06:07]} 41. Nb6 {[%emt 0:36:05]} Nf7 {[%emt 0:16:18]} 42. b4 {[%emt 0:00:00]} Qe6 {[%emt 0:03:07]} 43. Na8+ {[%emt 0:00:00]} Kc8 {[%emt 0:00:47]} 44. Nb6+ {[%emt 0:00:00]} Nxb6 {[%emt 0:03:17]} 45. axb6 {[%emt 0:00:00]} Nd6 {[%emt 0:01:13]} 46. Qg7 {[%emt 0:00:00]} Qd7 {[%emt 0:00:33]} 47. Qd4 {[%emt 0:00:00]} Ne4+ {[%emt 0:01:06]} 48. Ke3 {[%emt 0:00:00]} Qxd4+ {[%emt 0:00:14]} 49. Kxd4 {[%emt 0:00:00]} Nf2 {[%emt 0:00:03]} 50. Bxc6 {[%emt 0:00:00]} bxc6 {[%emt 0:00:11]} 51. Ke5 {[%emt 0:00:00]} Nd3+ {[%emt 0:02:15]} 52. Kxf5 {[%emt 0:00:00]} Nxb4 {[%emt 0:00:10]} 53. Ke4 {[%emt 0:00:00]} a5 {[%emt 0:01:45]} 54. Kd4 {[%emt 0:09:31]} a4 {[%emt 0:01:56]} 55. Kc3 {[%emt 0:01:24]} c5 {[%emt 0:00:59]} 56. Kb2 {[%emt 0:00:00]} Nd3+ {[%emt 0:00:43]} 57. Ka3 {[%emt 0:00:00]} Kb7 {[%emt 0:01:07]} 58. f5 {[%emt 0:00:15]} Kxb6 {[%emt 0:00:18]} 59. f6 {[%emt 0:00:08]} Ne5 {[%emt 0:00:08]} 60. Kxa4 {[%emt 0:00:05]} Ka6 {[%emt 0:00:14]} 61. Kb3 {[%emt 0:00:39]} Ka5 {[%emt 0:00:47]} 62. Kc3 {[%emt 0:00:59]} Ka4 {[%emt 0:00:09]} 0-1

[Event "ISR-chT 2019"]
[Site "Israel"]
[Date "2019.02.22"]
[Round "7.33"]
[White "Khmelniker, Ilya"]
[Black "Steinberg, Nitzan"]
[Result "1-0"]
[WhiteElo "2483"]
[BlackElo "2532"]
[Annotator "TA"]
[PlyCount "81"]
[EventDate "2019.01.04"]
[EventType "team-tourn"]
[EventCountry "ISR"]
[SourceTitle "playchess.com"]
[Source "ChessBase"]
[SourceQuality "1"]

{[%evp 15,81,20,33,14,25,6,18,4,9,4,12,25,11,-29,-20,-26,-41,-31,-4,-26,12,4,13,0,0,0,0,0,0,0,0,-197,-180,-162,-150,-145,-74,-71,-57,-58,172,172,164,180,176,185,331,321,447,467,463,452,446,372,551,551,550,551,532,532,532,505,784,692,771,768,743,735]} 1. c4 e5 2. Nc3 Bb4 3. Nd5 a5 4. a3 Bc5 5. Nf3 c6 6. Nc3 {A21: English Opening: 1...e5 2 Nc3} d6 7. e3 Ba7 8. d4 Nd7 $1 {[%cal Bb8d7,Bd7f8,Bf8g6][%mdl 32] LiveBook: 3 Games} 9. Be2 $146 ({Predecessor:} 9. Ne4 Bb8 10. d5 Ngf6 11. dxc6 Nxe4 12. cxd7+ Bxd7 {0-1 (55) Nepomniachtchi,I (2751)-Anand,V (2776) Moscow 2018}) 9... Ngf6 10. Qc2 O-O 11. b3 Re8 12. Bb2 Nf8 13. dxe5 dxe5 {[%cal Bd6e5,Be5e4,Be4f3,Bf3g2][%mdl 32]} 14. Rd1 Qe7 15. Ne4 Nxe4 16. Qxe4 Ng6 17. h4 f5 18. Qc2 {Strongly threatening h5.} e4 19. h5 exf3 20. hxg6 fxg2 21. gxh7+ Kh8 22. Rg1 Qg5 {aiming for ...Bxe3!} 23. Bd4 $2 (23. Qd3 $11 {and White is okay.}) 23... f4 (23... Kxh7 24. c5 $16) 24. exf4 Qh6 $1 (24... Qxf4 $2 25. Bxg7+ $1 {[%mdl 512]} Kxg7 26. Rxg2+ Bg4 27. Qc3+ (27. Kf1 Kh8 $18) 27... Kf7 28. Rd7+ $1 {[%mdl 512]} Re7 29. Rxe7+ Kxe7 30. Qg7+ Kd6 31. Qxg4 $18) (24... Bf5 25. fxg5 Bxc2 26. Rd2 $11) 25. Be5 {Black must now prevent Rd6.} Bg4 ({Not} 25... Qh2 26. Qg6 $1 $16 {[%mdl 512]}) ({Black should try} 25... Bb8 $1 {[%cal Rb8e5]} 26. Qe4 Bxe5 27. fxe5 Bh3) 26. Qe4 $17 {[#]} Bh3 $1 27. Rd3 Qh4 $2 (27... Rad8 $15 {keeps the upper hand.}) 28. Qf3 $36 {[%mdl 2048] White is in control.} Rxe5 29. fxe5 Bf5 {Hoping for ...Be4.} 30. Qxg2 {[%csl Gg1][%cal Rg2g7]} g6 (30... Qe7 $142) 31. Qg3 Qe7 32. Rd6 Rf8 33. Qc3 Bc5 34. b4 axb4 (34... Bxd6 $142 35. exd6+ Qf6 36. Qxf6+ Rxf6) 35. axb4 {White is clearly winning.} Bxd6 36. exd6+ Qg7 37. Qxg7+ Kxg7 38. Bg4 Bd3 (38... Kxh7 $142 39. Bxf5 Rxf5 40. Rh1+ Kg7) 39. c5 g5 40. Rg3 Bxh7 41. Re3 {Precision: White = 73%, Black = 55%.} 1-0

[Event "ISR-chT 2019"]
[Site "Israel"]
[Date "2019.02.22"]
[Round "7.34"]
[White "Drori, Saar"]
[Black "Shvayger, Yuliya"]
[Result "1/2-1/2"]
[WhiteElo "2383"]
[BlackElo "2374"]
[Annotator "NA"]
[PlyCount "66"]
[EventDate "2019.01.04"]
[EventType "team-tourn"]
[EventCountry "ISR"]
[SourceTitle "playchess.com"]
[Source "ChessBase"]
[SourceQuality "1"]
[TimeControl "40/5400+30:1800+30"]

1. e4 {[%emt 0:00:00]} c5 {[%emt 0:00:00]} 2. Nf3 {[%emt 0:00:00]} Nc6 {[%emt 0:00:00]} 3. d4 {[%emt 0:00:51]} cxd4 {[%emt 0:00:01]} 4. Nxd4 {[%emt 0:00:08]} e5 {[%emt 0:00:16]} 5. Nb5 {[%emt 0:03:26]} d6 {[%emt 0:03:04]} 6. c4 {[%emt 0:00:25]} Be7 {[%emt 0:01:38]} 7. N1c3 {[%emt 0:05:17]} a6 {[%emt 0:00:24]} 8. Na3 {[%emt 0:00:05]} f5 {[%emt 0:00:08]} 9. exf5 {[%emt 0:05:10]} Bxf5 {[%emt 0:00:04]} 10. Be3 {[%emt 0:01:51] B32: Sicilian: Löwenthal and Kalashnikov Variations} (10. Nc2 Nf6 11. Bd3 Be6 12. O-O O-O 13. b3 Qd7 14. Bb2 Bd8 15. Ne4 Bb6 16. Qe2 Rad8 17. Kh1 Nxe4 18. Bxe4 {½-½ (50) Yu,Y (2764)-Potapov,P (2516) St Petersburg 2018}) 10... Nf6 {[%emt 0:02:26]} 11. Be2 {[%emt 0:08:10]} O-O {[%emt 0:00:51]} 12. O-O {[%emt 0:00:20]} Qd7 {[%emt 0:09:18]} 13. Rc1 {[%emt 0:08:55]} Kh8 $146 {[%emt 0:01:24]} ({Predecessor:} 13... Rae8 14. Nd5 Nxd5 15. cxd5 Nb8 16. Nc4 b5 {1-0 (41) Bakos,L (2032)-Toth,D (2240) Eger 2008}) 14. Nd5 {[%emt 0:12:14]} Rae8 {[%emt 0:01:49]} 15. Nb6 {[%emt 0:08:26]} Qd8 {[%emt 0:07:29]} 16. Nb1 {[%emt 0:01:34]} Ne4 {[%emt 0:13:28]} 17. Nd5 {[%emt 0:07:34]} Bg5 {[%emt 0:01:09]} 18. Nbc3 {[%emt 0:00:52]} Nd4 {[%emt 0:01:31]} 19. Bd3 {[%emt 0:13:15]} Nxc3 {[%emt 0:05:05]} 20. Rxc3 {[%emt 0:02:03]} Bxe3 {[%emt 0:04:16]} 21. fxe3 {[%emt 0:01:22]} Bxd3 {[%emt 0:00:46]} 22. Rxd3 {[%emt 0:01:51]} Rxf1+ {[%emt 0:00:17]} 23. Qxf1 {[%emt 0:00:07]} Rf8 {[%emt 0:00:04]} 24. Qd1 {[%emt 0:02:22]} Ne6 $14 {[%emt 0:11:07]} 25. Qg4 {[%emt 0:00:49]} Qe8 {[%emt 0:02:05]} 26. h3 {[%emt 0:03:34]} Qf7 {[%emt 0:00:57]} 27. Rd2 {[%emt 0:00:28]} Nc5 {[%emt 0:11:07]} 28. Kh2 {[%emt 0:02:41]} Qf1 {[%emt 0:07:13]} 29. b4 {[%emt 0:01:51]} Nd3 {[%emt 0:04:24]} 30. Rd1 {[%emt 0:00:50]} Ne1 {[%emt 0:00:19]} 31. Rd2 {[%emt 0:03:49]} Nd3 {[%emt 0:01:39]} 32. Rd1 {[%emt 0:00:07]} Ne1 {[%emt 0:00:06]} 33. Rd2 {[%emt 0:00:04]} Nd3 {[%emt 0:00:58]} 1/2-1/2

[Event "ISR-chT 2019"]
[Site "Israel"]
[Date "2019.02.22"]
[Round "7.35"]
[White "Vydeslaver, Alik"]
[Black "Botvinnik, Mikhail"]
[Result "1-0"]
[WhiteElo "2388"]
[BlackElo "2368"]
[Annotator "NA"]
[PlyCount "75"]
[EventDate "2019.01.04"]
[EventType "team-tourn"]
[EventCountry "ISR"]
[SourceTitle "playchess.com"]
[Source "ChessBase"]
[SourceQuality "1"]
[TimeControl "40/5400+30:1800+30"]

1. c4 {[%emt 0:00:12]} f5 {[%emt 0:01:54]} 2. Nc3 {[%emt 0:01:24]} Nf6 {[%emt 0:00:10]} 3. g3 {[%emt 0:00:45]} g6 {[%emt 0:00:18]} 4. Bg2 {[%emt 0:00:10]} Bg7 {[%emt 0:00:09]} 5. Nf3 {[%emt 0:00:31]} O-O {[%emt 0:00:14]} 6. O-O {[%emt 0:00:08]} d6 {[%emt 0:04:09]} 7. d4 {[%emt 0:00:33]} Nc6 {[%emt 0:02:00]} 8. d5 {[%emt 0:05:17]} Na5 {[%emt 0:00:14]} 9. Nd2 {[%emt 0:00:52]} c5 {[%emt 0:02:16]} 10. a3 {[%emt 0:25:02]} Ng4 {[%emt 0:10:34]} 11. e3 {[%emt 0:20:53]} b6 {[%emt 0:15:11]} 12. Qc2 {[%emt 0:08:36]} Bd7 {[%emt 0:06:03]} 13. h3 {[%emt 0:05:32]} Ne5 {[%emt 0:07:01]} 14. b3 {[%emt 0:00:07]} a6 {[%emt 0:01:34]} 15. f4 {[%emt 0:01:07]} Nf7 {[%emt 0:00:11]} 16. Bb2 {[%emt 0:01:13]} b5 {[%emt 0:02:23]} 17. Ne2 $14 {[%emt 0:03:28]} Bxb2 {[%emt 0:01:00]} 18. Qxb2 {[%emt 0:00:02]} Rb8 {[%emt 0:02:03]} 19. Qc3 {[%emt 0:01:36]} e5 {[%emt 0:05:37]} 20. dxe6 {[%emt 0:05:35]} Bxe6 {[%emt 0:00:11]} 21. e4 {[%emt 0:00:01]} Qc7 {[%emt 0:09:08]} 22. exf5 {[%emt 0:01:52]} gxf5 {[%emt 0:00:08]} 23. Rfe1 {[%emt 0:01:58]} Rfe8 {[%emt 0:03:20]} 24. g4 {[%emt 0:04:01]} bxc4 {[%emt 0:03:08]} 25. gxf5 {[%emt 0:01:06]} Bxf5 {[%emt 0:00:58]} 26. Ng3 {[%emt 0:00:07]} Bg6 {[%emt 0:02:35]} 27. f5 {[%emt 0:01:52]} Ne5 {[%emt 0:01:33]} 28. fxg6 {[%emt 0:00:30]} Nxb3 {[%emt 0:00:40]} 29. Bd5+ {[%emt 0:03:06]} Kh8 {[%emt 0:00:41]} 30. Nxc4 {[%emt 0:00:44]} Nd4 {[%emt 0:07:48]} 31. Nxe5 {[%emt 0:01:40]} dxe5 {[%emt 0:00:29]} 32. Bf7 {[%emt 0:02:27]} Qc6 {[%emt 0:04:22]} 33. Bxe8 {[%emt 0:00:36]} Rxe8 {[%emt 0:00:11]} 34. g7+ {[%emt 0:00:41]} Kxg7 {[%emt 0:00:15]} 35. Rf1 {[%emt 0:00:06]} Re6 {[%emt 0:01:34]} 36. Qe3 {[%emt 0:01:29]} Rg6 {[%emt 0:01:07]} 37. Kh2 {[%emt 0:00:21]} Kg8 {[%emt 0:01:32]} 38. Rae1 {[%emt 0:00:31]} 1-0

[Event "ISR-chT 2019"]
[Site "Israel"]
[Date "2019.02.22"]
[Round "7.36"]
[White "Bitensky, Igor"]
[Black "Klenburg, Michael"]
[Result "0-1"]
[WhiteElo "2375"]
[BlackElo "2359"]
[Annotator "NA"]
[PlyCount "130"]
[EventDate "2019.01.04"]
[EventType "team-tourn"]
[EventCountry "ISR"]
[SourceTitle "playchess.com"]
[Source "ChessBase"]
[SourceQuality "1"]
[TimeControl "40/5400+30:1800+30"]

1. e4 {[%emt 0:00:00]} e6 {[%emt 0:00:00]} 2. d4 {[%emt 0:03:08]} d5 {[%emt 0:00:01]} 3. e5 {[%emt 0:00:18]} c5 {[%emt 0:00:23]} 4. c3 {[%emt 0:00:03]} Qb6 {[%emt 0:00:17]} 5. Nf3 {[%emt 0:00:02]} Nc6 {[%emt 0:00:09]} 6. Na3 {[%emt 0:00:58]} cxd4 {[%emt 0:02:10]} 7. cxd4 {[%emt 0:00:43]} Bd7 {[%emt 0:03:42]} 8. Nc2 {[%emt 0:07:21]} Rc8 {[%emt 0:04:13] C02: French: Advance Variation} 9. Bd3 {[%emt 0:06:17]} (9. Be2 Nb4 10. Ne3 Bb5 11. O-O Bxe2 12. Qxe2 Qa6 13. Qxa6 Nxa6 14. Bd2 Bb4 15. Rfc1 Ne7 16. Rxc8+ Nxc8 {½-½ (56) Predke,A (2622)-Riazantsev,A (2649) St Petersburg 2018}) 9... Nb4 {[%emt 0:04:04]} 10. Nxb4 {[%emt 0:00:49]} Bxb4+ {[%emt 0:00:08]} 11. Bd2 {[%emt 0:00:59]} Bb5 {[%emt 0:04:20]} 12. Bxb5+ {[%emt 0:32:35]} Qxb5 {[%emt 0:01:05]} 13. Qb3 $146 {[%emt 0:00:03]} ({Predecessor:} 13. Bxb4 Qxb4+ {½-½ (22) Bit Narva,D (1996)-Bergstrom,R (2262) Stockholm 2014}) 13... Bxd2+ {[%emt 0:05:35]} 14. Nxd2 {[%emt 0:00:47]} Qa6 {[%emt 0:01:04]} 15. a4 {[%emt 0:06:03]} Ne7 {[%emt 0:03:18]} 16. Qb5+ {[%emt 0:00:16]} Rc6 {[%emt 0:00:53]} 17. Nb3 {[%emt 0:02:23]} Qb6 {[%emt 0:04:21]} 18. O-O {[%emt 0:04:15]} a6 {[%emt 0:02:02]} 19. Qd3 {[%emt 0:04:31]} Rc4 {[%emt 0:02:10]} 20. Rfd1 {[%emt 0:12:43]} Nc6 {[%emt 0:03:56]} 21. a5 {[%emt 0:02:07]} Qb5 {[%emt 0:03:23]} 22. Ra3 {[%emt 0:02:11]} O-O {[%emt 0:01:44]} 23. h4 {[%emt 0:02:09] [#]} (23. Qd2 $17) 23... Nb4 $19 {[%emt 0:01:57]} 24. Qg3 {[%emt 0:00:55]} Nc2 {[%emt 0:00:18]} 25. Ra2 {[%emt 0:00:37]} h6 {[%emt 0:02:51]} 26. Kh2 {[%emt 0:00:02]} Rfc8 {[%emt 0:01:01]} 27. f4 {[%emt 0:02:21]} Rb4 {[%emt 0:04:13]} 28. Rd3 {[%emt 0:00:00]} Rcc4 {[%emt 0:01:24]} 29. f5 {[%emt 0:02:08]} Nxd4 {[%emt 0:02:07]} 30. Nxd4 {[%emt 0:01:08]} Rxd4 {[%emt 0:00:08]} 31. Rxd4 {[%emt 0:00:01]} Rxd4 {[%emt 0:00:07]} 32. fxe6 {[%emt 0:05:32]} fxe6 {[%emt 0:00:22]} 33. Ra3 {[%emt 0:00:05]} Qc4 {[%emt 0:07:26]} 34. Kh3 {[%emt 0:02:19]} Qc1 {[%emt 0:04:45]} 35. Kh2 {[%emt 0:00:09]} Rd1 {[%emt 0:01:04]} 36. Qf2 {[%emt 0:01:15]} Rh1+ {[%emt 0:01:39]} 37. Kg3 {[%emt 0:00:00]} Qc4 {[%emt 0:00:16]} 38. Qf4 {[%emt 0:00:58]} Qxf4+ {[%emt 0:03:29]} 39. Kxf4 {[%emt 0:00:01]} Rxh4+ {[%emt 0:00:28]} 40. Kf3 {[%emt 0:00:01]} Rb4 {[%emt 0:00:52]} 41. Rc3 {[%emt 0:01:50]} h5 {[%emt 0:01:27]} 42. Rc7 {[%emt 0:01:38]} Kf8 {[%emt 0:00:08]} 43. Ke3 {[%emt 0:09:21]} Rxb2 {[%emt 0:01:33]} 44. Kf4 {[%emt 0:02:59]} Rxg2 {[%emt 0:01:56]} 45. Rxb7 {[%emt 0:01:04]} Rg4+ {[%emt 0:00:35]} 46. Kf3 {[%emt 0:02:02]} Re4 {[%emt 0:01:16]} 47. Rb6 {[%emt 0:01:15]} Rxe5 {[%emt 0:00:05]} 48. Rxa6 {[%emt 0:00:03]} d4 {[%emt 0:01:05]} 49. Ra8+ {[%emt 0:02:12]} Kf7 {[%emt 0:00:05]} 50. a6 {[%emt 0:00:02]} d3 {[%emt 0:06:18]} 51. Ra7+ {[%emt 0:05:46]} Kf6 {[%emt 0:01:41]} 52. Rd7 {[%emt 0:00:33]} Ra5 {[%emt 0:00:10]} 53. a7 {[%emt 0:00:02]} d2 {[%emt 0:00:25]} 54. Ke2 {[%emt 0:00:07]} Ra2 {[%emt 0:00:10]} 55. Kd1 {[%emt 0:00:57]} g5 {[%emt 0:00:22]} 56. Ke2 {[%emt 0:01:02]} h4 {[%emt 0:00:30]} 57. Rh7 {[%emt 0:00:28]} e5 {[%emt 0:00:30]} 58. Kd1 {[%emt 0:00:19]} Kf5 {[%emt 0:01:07]} 59. Ke2 {[%emt 0:00:13]} Kg4 {[%emt 0:00:36]} 60. Kd1 {[%emt 0:01:57]} h3 {[%emt 0:00:21]} 61. Ke2 {[%emt 0:01:05]} Kg3 {[%emt 0:00:15]} 62. Rg7 {[%emt 0:01:41]} g4 {[%emt 0:00:09]} 63. Rh7 {[%emt 0:00:09]} Kg2 {[%emt 0:00:19]} 64. Rd7 {[%emt 0:00:20]} h2 {[%emt 0:00:24]} 65. Rxd2 {[%emt 0:00:07]} Rxa7 {[%emt 0:00:05]} 0-1